|
|
|
|
| LEADER |
01262nom a2200349 u 4500 |
| 001 |
10071041 |
| 003 |
upatras |
| 005 |
20240906063344.0 |
| 008 |
090513s2005 eng |
| 020 |
|
|
|a 9781846281785
|
| 040 |
|
|
|a GR-PaULI
|c GR-PaULI
|
| 041 |
0 |
|
|a eng
|
| 100 |
1 |
|
|a Heuberger, Peter S.C.
|9 67955
|
| 245 |
1 |
0 |
|a Modelling and Identification with Rational Orthogonal Basis Functions
|h [electronic resource]
|c edited by Peter S.C. Heuberger, Paul M.J. Hof, Bo Wahlberg
|
| 260 |
|
|
|a London
|b Springer-Verlag London Limited
|c 2005
|
| 300 |
|
|
|b v.: digital
|
| 650 |
|
4 |
|a Engineering
|9 17712
|
| 650 |
|
4 |
|a Structural control (Engineering)
|9 64858
|
| 650 |
|
4 |
|a Computer simulation
|9 18024
|
| 650 |
|
4 |
|a Systems theory
|9 24317
|
| 650 |
|
4 |
|a Engineering
|9 17712
|
| 650 |
|
4 |
|a Control Engineering
|9 24307
|
| 650 |
|
4 |
|a Simulation and Modeling
|9 64718
|
| 650 |
|
4 |
|a Systems Theory, Control
|9 64540
|
| 650 |
|
0 |
|a Επεξεργασία σημάτων
|9 912
|
| 700 |
1 |
|
|a Hof, Paul M.J.
|9 67956
|
| 700 |
1 |
|
|a Wahlberg, Bo
|9 67957
|
| 852 |
|
|
|a GR-PaULI
|b ΠΑΤΡΑ
|b ΒΚΠ
|
| 856 |
4 |
0 |
|u http://dx.doi.org/10.1007/1-84628-178-4
|
| 942 |
|
|
|2 ddc
|
| 952 |
|
|
|0 0
|1 0
|4 0
|7 0
|9 72496
|a LISP
|b LISP
|d 2016-04-24
|l 0
|r 2016-04-24 00:00:00
|w 2016-04-24
|y ERS
|
| 999 |
|
|
|c 47286
|d 47286
|